000
00249nam a2200109Ia 4500
008
190914s9999||||xx |||||||||||||| ||und||
100
_a
Meigs Williams Haka
245
0
_a
Accounting
260
_a
London
_b
Addison
_c
1993
300
_a
550
942
_c
BK
999
_c
8538
_d
8538